00597nam a2200157Ia 4500003000900000008004100009040001600050080002500066110003300091245018900124260005000313300000900363650001900372650003400391650001400425IN-BaIIA211028s9999 xx 000 0 eng d cIIA Library a083.7:621.315.2bISI aIndian Standards Institution 0aIndian Standard Specification for PVC Insulated (Heavy Duty) Electric Cablesbpt. II, for working voltage from 3.3 KV uptocIndian Standards Institution  aNew DelhibIndian Standards Institutionc1977 a24p. aNASA Thesaurus aPVC Insulated Electric Cables aStandards